000 00516nam a2200169 i 4500
001 65658
003 ES-MaACL
005 20230906165432.0
007 t|
008 040120s1941 sp ||||1| spa d
100 1 _aFroebes, Joseph.
_952711
245 1 0 _aCompendio de psicología experimental /
_cpor Joseph Fröbes ; versión de José A. Menchaca.
260 _aMadrid :
_bRazón y Fé,
_c[1941]
300 _a359 p. ;
_c26 cm.
700 1 _aMenchaca, José Antonio.
_980081
852 _aES-MaACL
_jB-9866
_bR.19635
999 _c65658
_d65658